[Event "Panchenko Memorial-A 2020"]
[Site "Chelyabinsk"]
[Date "2020.09.11"]
[Round "5.6"]
[White "Aleksandrov, Aleksej"]
[Black "Gabrielian, Artur"]
[Result "1-0"]
[WhiteElo "2608"]
[BlackElo "2463"]
[Annotator "TA"]
[PlyCount "105"]
[EventDate "2020.09.07"]
[EventType "swiss"]
[EventCountry "RUS"]
[SourceTitle "playchess.com"]
[Source "ChessBase"]
[SourceQuality "1"]

{[%evp 23,105,35,38,51,37,37,36,35,39,38,67,70,113,110,110,102,114,107,104,105,174,95,121,100,184,196,344,332,331,327,430,432,437,448,450,330,317,227,368,303,297,257,549,437,368,309,379,302,444,409,372,423,490,295,304,260,249,160,169,179,239,151,147,145,137,68,189,175,185,177,401,398,735,671,1229,1130,29968,29969,29970,29970,29970,29970,29969,29970]} 1. d4 Nf6 2. c4 c5 3. d5 e6 4. Nc3 exd5 5. cxd5 d6 6. Nf3 g6 7. Bf4 Bg7 8. Qa4+ Bd7 9. Qb3 b5 10. Bxd6 Qb6 11. Be5 O-O 12. e3 c4 13. Qd1 {A61: Modern Benoni: Nf3 without early e4.} b4 14. Ne2 (14. Nb1 Rc8 15. Be2 Qc5 16. a3 Nxd5 17. Bxg7 Kxg7 18. O-O Nf6 19. Qd4 Qxd4 20. Nxd4 Nc6 21. Nxc6 Bxc6 22. axb4 Rab8 23. Rxa7 Rxb4 {½-½ (30) Aleksandrov,A (2580)-Gabrielian,A (2501) Yerevan 2017}) 14... Rc8 15. Nf4 {White is slightly better.} c3 16. Bd3 {[#]} Bb5 $146 ({Predecessor:} 16... Qa5 17. O-O Ba4 18. b3 Be8 19. a3 bxa3 20. Qc1 Nbd7 21. Rxa3 Qb4 22. Bd4 Nc5 23. Bc4 Nfe4 24. Ne5 c2 25. Ned3 Qd2 26. Nxc5 Bxd4 27. exd4 {1-0 (27) Enchev,I (2492)-Gabrielian,A (2502) Rochefort 2018}) 17. O-O Nbd7 18. Bd4 $36 {[%mdl 2048] Black is under strong pressure.} Qa5 19. bxc3 bxc3 20. Bxb5 Qxb5 21. Rc1 Ne4 (21... Nb6 $16 {keeps fighting.}) 22. Qc2 ({White should try} 22. Bxg7 $18 Kxg7 23. Nd4) 22... Ndf6 23. Rfd1 Rc4 (23... Qb2 $16) 24. Ne5 $18 Rb4 (24... Rc7 $142 25. f3 Nd6) 25. f3 Rb2 26. Qd3 Nd6 27. Qxc3 Rxa2 28. Nc6 Nfe8 29. e4 Bh6 30. Be3 Bg7 (30... Qb2 $142 31. Qxb2 Rxb2) 31. Qc5 Qb3 {aiming for ...Nb7.} 32. Nd3 a5 $2 (32... Bf8) 33. e5 Nf5 34. Bf2 Bh6 35. f4 Nc7 (35... Bf8 $142 36. Qc4 Qxc4 37. Rxc4 a4) 36. d6 Ne6 37. Qc4 a4 38. Qxb3 axb3 39. Rb1 {Black must now prevent g4.} Rc2 40. Ndb4 Bxf4 41. Rxb3 Bxh2+ (41... Rd2 $142 42. Rd3 Rxd1+ 43. Rxd1 Ne3 44. Bxe3 Bxe3+ 45. Kf1 Bc5) 42. Kxh2 Rxf2 43. d7 Re2 44. Rdd3 (44. Rbd3 $16) 44... Kg7 {[#] This costs Black the game.} (44... Ra1 $14) 45. Ra3 $1 {[%cal Ra3a8]} Rxa3 46. Rxa3 Rd2 $2 {[#]} (46... Re4 {was necessary.} 47. Rd3 Rc4) 47. Rd3 $1 {[%cal Rd3d2]} Re2 $2 (47... Rxd3 48. Nxd3 Kg8) 48. Nd5 Kh6 {[#]} 49. Nc7 $1 {[%mdl 512]} Nfg7 (49... Nxc7 50. Rh3+) 50. Rh3+ {White mates.} Kg5 51. Rxh7 Rd2 52. Nxe6+ Nxe6 53. Rxf7 {Accuracy: White = 64%, Black = 31%.} 1-0

[Event "Panchenko Memorial-A 2020"]
[Site "Chelyabinsk"]
[Date "2020.09.11"]
[Round "5.7"]
[White "Chigaev, Maksim"]
[Black "Faizrakhmanov, Ramil"]
[Result "1-0"]
[WhiteElo "2588"]
[BlackElo "2451"]
[Annotator "TA"]
[PlyCount "97"]
[EventDate "2020.09.07"]
[EventType "swiss"]
[EventCountry "RUS"]
[SourceTitle "playchess.com"]
[Source "ChessBase"]
[SourceQuality "1"]

{[%evp 20,97,35,5,8,0,0,0,0,6,11,0,25,0,24,-102,0,0,0,0,23,29,20,27,35,33,41,0,21,22,15,8,16,16,16,18,11,0,0,0,14,12,20,13,51,56,51,49,43,39,122,93,272,267,292,279,369,360,334,341,408,413,579,555,554,534,700,685,669,660,29980,29981,29980,29981,29985,29986,29988,-118,29989,29990]} 1. d4 Nf6 2. c4 e6 3. Nf3 b6 4. g3 Bb7 5. Bg2 Bb4+ 6. Bd2 a5 7. O-O O-O 8. Bf4 Be7 9. Nc3 Ne4 10. Qc2 Nxc3 11. Qxc3 (11. bxc3 {with more complications.} h6 12. e4 d6 13. Rfe1 Nd7 14. e5) 11... d6 {E16: Queen's Indian: 4 g3 Bb7 5 Bg2 Bb4+.} 12. Qd3 f5 13. Qe3 Qd7 {[#] The position is equal.} 14. Rfd1 $146 ({Predecessor:} 14. Bg5 Re8 15. Rad1 Bf8 16. Qc3 Be4 17. d5 exd5 18. cxd5 Qf7 19. Be3 h6 20. a3 {1-0 (60) Timman,J (2620)-Kortschnoj,V (2650) Las Palmas 1981}) 14... Na6 15. Rac1 Rad8 16. h4 Bf6 17. Ne5 (17. Bg5 $11 {keeps the balance.}) 17... Qc8 (17... dxe5 $17 18. dxe5 Qxd1+ 19. Rxd1 Rxd1+ 20. Kh2 Bxg2 21. exf6 Be4) 18. Bxb7 $11 Qxb7 19. Nf3 Qe4 20. Qxe4 fxe4 21. Ng5 Bxg5 22. Bxg5 Rde8 23. b3 Nb4 24. a3 Nc6 25. Kg2 e5 26. dxe5 Rxe5 27. Be3 Kf7 28. Rd5 Ke6 29. Rcd1 Kd7 30. Rxe5 Nxe5 {[%mdl 4096] Endgame KRB-KRN} 31. Rd4 c5 (31... a4 $5) 32. Rxe4 a4 $1 {[%cal Ra4b3]} 33. bxa4 Ra8 34. Bf4 Ng6 {Black is on the road to losing.} ({Better is} 34... Nf7 $14) 35. Bc1 Rxa4 $2 (35... Nf8 $16) 36. Rg4 $18 Ke6 {[#]} 37. h5 $1 {[%cal Rh5g6]} Ne5 38. Rxg7 Rxc4 39. Bf4 Nf7 40. Rxh7 Ra4 (40... b5 {was called for.} 41. Rg7 b4) 41. Rg7 Rxa3 42. Rg8 b5 43. h6 Nxh6 44. Rg6+ {[%mdl 64] [#] Double Attack} Kf5 45. Rxh6 d5 46. f3 Ra2 47. Kf2 b4 48. g4+ Kxf4 49. Rh5 {Accuracy: White = 85%, Black = 58%.} 1-0

[Event "Panchenko Memorial-A 2020"]
[Site "Chelyabinsk"]
[Date "2020.09.12"]
[Round "6.1"]
[White "Fedoseev, Vladimir"]
[Black "Rakhmanov, Aleksandr"]
[Result "1/2-1/2"]
[WhiteElo "2678"]
[BlackElo "2645"]
[Annotator "TA"]
[PlyCount "79"]
[EventDate "2020.09.07"]
[EventType "swiss"]
[EventCountry "RUS"]
[SourceTitle "playchess.com"]
[Source "ChessBase"]
[SourceQuality "1"]

{[%evp 9,79,29,22,22,17,18,33,6,6,6,9,10,28,20,31,18,30,21,19,20,20,-18,34,36,33,12,22,23,19,14,17,21,20,0,4,9,15,15,15,15,20,15,15,3,0,0,0,0,0,0,0,0,12,12,29,22,22,31,31,21,37,36,42,22,22,20,20,17,18,0,0,0]} 1. d4 d5 2. c4 e6 3. Nf3 a6 4. Bg5 Be7 5. Bxe7 Qxe7 6. Nbd2 {D30: Queen's Gambit Declined: Systems without Nc3.} Nf6 7. Rc1 O-O {[#]} 8. Qb3 $146 {White is slightly better.} ({Predecessor:} 8. g3 b6 9. Bg2 Bb7 10. cxd5 exd5 11. O-O c5 12. Qb3 c4 13. Qxb6 Nc6 14. Ne5 {0-1 (29) Lysyj,I (2594)-Sunilduth Lyna,N (2618) chess.com INT 2020}) 8... c6 9. e3 Nbd7 10. Qc3 Re8 11. Be2 e5 12. dxe5 Nxe5 13. Nxe5 Qxe5 14. Qxe5 Rxe5 15. O-O Bg4 ({Better is} 15... d4 $11) 16. Bxg4 $14 Nxg4 17. Nf3 Rh5 18. Rfd1 Nf6 19. b3 Re8 20. h3 Kf8 21. Nd4 g6 22. c5 Rhe5 23. b4 Nd7 24. a4 Kg7 25. Rc3 Rc8 26. Rdc1 Nf8 27. Rb3 Re7 28. b5 axb5 29. axb5 Ne6 30. Nxe6+ Rxe6 $11 {[%mdl 4096] Endgame KRR-KRR} 31. Ra1 cxb5 32. Rxb5 Rc7 33. Rd1 Rd7 $1 34. Kf1 Kf8 35. Rd4 Ke7 36. Ke2 Ra6 {The position is equal.} 37. Rd2 Ra4 38. g4 Kd8 39. g5 Rh4 40. Rb3 {Accuracy: White = 94%, Black = 97%.} 1/2-1/2

[Event "Panchenko Memorial-A 2020"]
[Site "Chelyabinsk"]
[Date "2020.09.12"]
[Round "6.2"]
[White "Goganov, Aleksey"]
[Black "Chigaev, Maksim"]
[Result "1/2-1/2"]
[WhiteElo "2565"]
[BlackElo "2588"]
[Annotator "TA"]
[PlyCount "88"]
[EventDate "2020.09.07"]
[EventType "swiss"]
[EventCountry "RUS"]
[SourceTitle "playchess.com"]
[Source "ChessBase"]
[SourceQuality "1"]

{[%evp 18,88,18,16,25,18,25,21,19,31,21,29,40,20,33,25,92,25,13,-17,0,0,21,0,29,-10,0,0,0,0,0,0,0,0,0,0,0,0,0,-49,0,-6,12,0,-14,0,35,48,83,90,72,15,135,-131,-115,-141,0,0,0,-50,0,0,0,0,0,0,0,0,0,0,0,0,0]} 1. d4 Nf6 2. c4 g6 3. f3 c5 4. d5 Bg7 5. e4 d6 6. Nc3 O-O 7. Nge2 a6 8. a4 e6 9. Ng3 exd5 10. cxd5 h5 {A65: Modern Benoni: 6 e4.} 11. Bg5 Qc7 12. Be2 Nh7 13. Be3 h4 14. Nf1 f5 15. Nd2 Qe7 16. Nc4 f4 (16... Nd7 $11) 17. Bf2 (17. Bxf4 $1 $16 Rxf4 18. Nb6 {[%mdl 64] Double Attack}) 17... Nd7 $1 $11 {[#]} 18. g3 $146 ({Predecessor:} 18. h3 b6 19. Qd2 Rb8 20. Rb1 Ne5 21. Nxe5 Bxe5 22. b4 Qf6 23. Na2 cxb4 24. Rxb4 {0-1 (38) Veisi,B (2273)-Grigoryan,K (2578) Khomein 2018}) 18... Ng5 {Hoping for ...fxg3.} 19. gxf4 ({Don't play} 19. gxh4 Nh3 $17) 19... Rxf4 20. Be3 Nh3 21. Qd2 g5 22. Bxf4 Nxf4 23. Kd1 Ne5 24. Kc2 Bh3 25. Rhg1 Rf8 26. Nxe5 Qxe5 27. Bf1 Bd7 28. Ra2 Kh8 29. a5 Bf6 30. Kb1 g4 31. fxg4 Bg5 {Threatens to win with ...Nh3!} 32. Qd1 Ng6 33. h3 Qh2 {[#]} 34. Bd3 (34. Be2 $1 $16) 34... Rf2 (34... Qxh3 $11 35. Ra3 Ne5) 35. b3 $2 {[%mdl 8192]} (35. Rf1 $16) 35... Rxa2 $17 36. Nxa2 {[#]} Qe5 (36... Bf6 $1 $17 {[%csl Gf6][%cal Rh2b2]} 37. Qc1 Kg7) 37. Rf1 Nf4 {...Bf6 is the strong threat.} 38. Qd2 Nxd3 39. Qxd3 {Black must now prevent Qc3.The position is equal.} Bb5 {[%cal Rb5d3]} 40. Rf8+ Kg7 $1 {[%cal Rb5d3]} 41. Qf3 {White threatens Qf7+ and mate.} Bf6 42. Rxf6 $1 Qxf6 43. Qe3 $1 Qf1+ (43... Qd4 $5 44. Qg5+ $8 Kf7 45. Qf5+ Kg7 $11) 44. Nc1 {aiming for Qg5+.} Qf6 {Accuracy: White = 62%, Black = 76%.} 1/2-1/2

[Event "Panchenko Memorial-A 2020"]
[Site "Chelyabinsk"]
[Date "2020.09.12"]
[Round "6.3"]
[White "Kokarev, Dmitry"]
[Black "Zakhartsov, Vladimir"]
[Result "1-0"]
[WhiteElo "2611"]
[BlackElo "2486"]
[Annotator "TA"]
[PlyCount "59"]
[EventDate "2020.09.07"]
[EventType "swiss"]
[EventCountry "RUS"]
[SourceTitle "playchess.com"]
[Source "ChessBase"]
[SourceQuality "1"]

{[%evp 22,59,45,37,47,58,119,107,92,89,154,151,157,155,121,143,214,203,234,256,251,250,277,263,890,882,1013,700,667,382,605,591,1196,1127,1196,1189,1247,1261,1417,786]} 1. e4 c5 2. Nf3 Nc6 3. d4 cxd4 4. Nxd4 Nf6 5. Nc3 d6 6. Bg5 e6 7. Qd2 a6 8. O-O-O Bd7 9. f4 Be7 10. Nf3 b5 11. Bxf6 gxf6 12. f5 h5 {B69: Sicilian: Richter-Rauzer: 7...a6 8 0-0-0 Bd7 9 f4 Be7 10 Nf3 b5 11 Bxf6.} 13. Kb1 b4 {[#]} ({Black should play} 13... Qa5 $14) 14. fxe6 $1 $16 fxe6 {White is better.} 15. Ne2 {[%cal Bc3e2,Be2f4,Bf4d5][%mdl 32] [#]} Qa5 $146 (15... e5 $142) ({Predecessor:} 15... Qb6 16. Nf4 Kf7 17. g3 Qc5 18. Bh3 a5 19. Rhf1 Ne5 20. Ng5+ {1-0 (20) Slovak,K (2285)-Furman,B (2203) Klatovy 2018}) 16. Nf4 Qc5 17. g3 e5 18. Nd5 {Hoping for Nc7+.} Bg4 (18... Bd8 $16 {was worth a try.} 19. Be2 a5) 19. Be2 $18 Bxf3 20. Bxf3 Nd4 21. Rhf1 a5 22. Rc1 Bf8 $2 {[#]} (22... a4 23. Be2 (23. Qxb4 Qxb4 24. Nxb4 a3 $18) (23. Nxb4 a3 $16) 23... a3) 23. Bxh5+ $1 {[%mdl 512]} Kd7 (23... Rxh5 24. Nxf6+) 24. Nxf6+ Kd8 25. g4 a4 (25... Ne6 $142 26. g5 Nf4) 26. Nd5 {Threatens to win with Qg5+.White is clearly winning.} Bh6 27. g5 Bg7 28. Rf7 Ra7 29. Rxa7 Qxa7 30. Bg4 {Accuracy: White = 70%, Black = 28%.} 1-0

[Event "Panchenko Memorial-A 2020"]
[Site "Chelyabinsk"]
[Date "2020.09.12"]
[Round "6.4"]
[White "Afanasiev, Nikita"]
[Black "Aleksandrov, Aleksej"]
[Result "1/2-1/2"]
[WhiteElo "2507"]
[BlackElo "2608"]
[Annotator "TA"]
[PlyCount "81"]
[EventDate "2020.09.07"]
[EventType "swiss"]
[EventCountry "RUS"]
[SourceTitle "playchess.com"]
[Source "ChessBase"]
[SourceQuality "1"]

{[%evp 9,81,27,35,32,27,7,8,6,25,23,30,0,0,0,0,0,0,0,0,0,0,0,0,-2,-4,-14,0,0,0,-10,-19,-11,-10,-9,0,0,0,0,0,-7,-7,-14,-14,-14,-14,-12,0,-14,0,-17,0,-14,0,-14,0,-14,0,-16,0,-14,0,-21,0,-19,0,-22,0,-18,0,-29,0,-29,0,-18]} 1. c4 e6 2. Nc3 d5 3. d4 a6 4. cxd5 exd5 5. Nf3 c6 6. Qc2 {D31: Queen's Gambit Declined: Semi-Slav without ...Nf6 (+ Marshall Gambit and Noteboom) and Exchange Variation lines without ...Nf6.} Bd6 7. Bg5 Ne7 8. e3 h6 9. Bh4 Bf5 10. Bd3 (10. Qxf5 $5 Nxf5 11. Bxd8 Kxd8 12. Bd3 $14) 10... Bxd3 11. Qxd3 Nd7 12. O-O O-O 13. e4 dxe4 $1 14. Nxe4 Qc7 {[#]} 15. Nxd6 $146 ({Predecessor:} 15. Qb3 Nf5 16. Nxd6 Qxd6 17. Bg3 Nxg3 18. hxg3 a5 19. Rfe1 Qb4 20. Re3 Nf6 21. Qc2 {½-½ (32) Bogdanov,V (2374)-Chernikov,O (2411) Kaunas 2012}) 15... Qxd6 16. Bxe7 Qxe7 17. Rfe1 Qd6 18. Qb3 Rab8 19. Ne5 Nf6 {[%cal Bd7f6,Bf6d5,Bd5b4][%mdl 32]} 20. Rad1 Nd5 21. Nc4 Qb4 22. Qxb4 Nxb4 23. a3 Nd5 24. g3 Rfd8 25. Kg2 Kf8 26. Kf3 Rd7 27. Ne5 Rdd8 28. Nc4 Rd7 29. Ne5 Rdd8 30. Nc4 Rd7 31. Ne5 Rdd8 32. Nc4 Rd7 33. Ne5 Rdd8 34. Nc4 Rd7 35. Ne5 Rdd8 36. Nc4 Rd7 37. Ne5 Rdd8 38. Nc4 Rd7 39. Ne5 Rdd8 40. Nc4 Rd7 41. Ne5 {Accuracy: White = 97%, Black = 100%.} 1/2-1/2

[Event "Panchenko Memorial-A 2020"]
[Site "Chelyabinsk"]
[Date "2020.09.12"]
[Round "6.5"]
[White "Khanin, Semen"]
[Black "Savchenko, Boris"]
[Result "1-0"]
[WhiteElo "2482"]
[BlackElo "2564"]
[Annotator "TA"]
[PlyCount "99"]
[EventDate "2020.09.07"]
[EventType "swiss"]
[EventCountry "RUS"]
[SourceTitle "playchess.com"]
[Source "ChessBase"]
[SourceQuality "1"]

{[%evp 10,99,38,37,37,47,75,68,67,62,47,49,75,25,38,33,14,0,29,29,22,7,14,-6,13,0,15,25,62,44,70,66,88,96,94,90,88,89,130,152,138,138,134,135,145,118,265,289,496,504,496,475,478,475,451,413,581,578,578,579,575,552,548,543,662,459,679,591,600,679,663,567,1129,1129,975,608,597,589,589,136,350,343,343,343,395,229,227,212,29972,29971,5514,1204]} 1. e4 e5 2. Nf3 Nc6 3. Bb5 a6 4. Ba4 g6 5. d4 exd4 6. Nxd4 Bg7 {C70: Ruy Lopez: 3...a6 4 Ba4, Norwegian and Delayed Schliemann.} 7. Nxc6 bxc6 8. Nc3 $1 {[%mdl 4] is now more promising than 8.0-0.} Ne7 {White is slightly better.} 9. h4 {[#]} O-O $146 ({Predecessor:} 9... h6 10. h5 g5 11. f4 gxf4 12. Bxf4 d6 13. Bb3 Be6 14. Qf3 Qd7 15. O-O-O Bxb3 16. axb3 {0-1 (36) Steinberg,N (2542)-Davtyan,A (2437) chess.com INT 2020}) 10. h5 d5 $1 11. h6 Be5 12. O-O Qd6 13. Bb3 {[%cal Re4d5]} Be6 14. Qd3 dxe4 15. Qxd6 cxd6 16. Nxe4 Bf5 17. Re1 a5 18. Bg5 Ra7 19. a4 Rb8 20. Rad1 Bxe4 21. Rxe4 {[#] And now f4 would win.} Kf8 22. f4 Bxb2 23. Rxd6 c5 24. g4 f5 25. gxf5 Nxf5 26. Rde6 Ng3 27. Re1 $40 {[%mdl 128] White goes for the king.} Bc3 {[#]} (27... Nf5 $16 {is a better defense.}) 28. Re7 $1 $18 {[%cal Re7a7]} Rab7 $2 (28... c4) 29. Bd5 Bxe1 30. Bxb7 Bc3 31. Rxh7 Nf5 32. Rd7 Kg8 (32... Re8 $142 33. h7 Re3) 33. Bd5+ Kh8 34. Bf7 Kh7 35. Be6+ Kh8 36. Kf2 Rb2 37. Rd8+ Kh7 38. Bg8+ Kh8 39. Kf3 Rb4 40. Rf8 Nd6 41. Kg4 Ne4 42. Re8 {White wants to mate with Bd5+.} Nf6+ 43. Bxf6+ $1 Bxf6 {[%mdl 4096] Endgame KRB-KRB} 44. Bf7+ Kh7 {This costs Black the game.} 45. Re6 Bd8 46. Rxg6 ({Not} 46. Bxg6+ Kxh6 47. Be8+ Kg7 $16) 46... Rxa4 47. Re6 (47. Ra6 $142 Rd4 48. c4) 47... Ra1 48. Kf5 {Strongly threatening Rd6.} Rh1 $2 (48... Rg1 $18 49. Ra6 Bh4 50. Rxa5 Kxh6 51. Rxc5 Be1) 49. Rd6 Bh4 50. Bg6+ {Accuracy: White = 76%, Black = 63%.} (50. Rd7 $142 Kh8 51. Kg6 Rg1+ 52. Kh5) 1-0

[Event "Panchenko Memorial-A 2020"]
[Site "Chelyabinsk"]
[Date "2020.09.12"]
[Round "6.6"]
[White "Lobanov, Sergei"]
[Black "Predke, Alexandr"]
[Result "0-1"]
[WhiteElo "2516"]
[BlackElo "2684"]
[Annotator "TA"]
[PlyCount "80"]
[EventDate "2020.09.07"]
[EventType "swiss"]
[EventCountry "RUS"]
[SourceTitle "playchess.com"]
[Source "ChessBase"]
[SourceQuality "1"]

{[%evp 9,80,0,0,-2,2,0,6,8,4,0,0,-35,0,0,-3,-6,44,14,69,0,15,33,37,-52,0,0,0,0,0,0,0,-59,0,0,0,0,229,237,231,189,225,235,208,231,212,224,207,31,45,85,83,93,451,453,611,601,445,618,612,593,606,539,542,442,352,0,0,-643,-658,-639,-633,-1023,-947]} 1. e4 c6 2. d4 d5 3. e5 c5 4. dxc5 e6 5. a3 Bxc5 6. b4 {B12: Caro-Kann: Advance Variation.} Be7 7. Qg4 g6 8. Nf3 {The position is equal.} a5 9. b5 Nd7 {[%cal Bb8d7,Bd7c5,Bc5b3][%mdl 32] [#]} 10. c4 $146 ({Predecessor:} 10. Bb2 h5 11. Qd4 Nh6 12. Bd3 Nc5 13. O-O b6 14. Nbd2 a4 15. c4 Nxd3 16. Qxd3 {1-0 (26) Nowicki,B (2349)-Rudolf,M (2342) Jastrzebia Gora 2019}) 10... Nc5 {...Nb3 is the strong threat.} 11. Be3 h5 12. Qf4 a4 13. Be2 (13. Bxc5 $5 Bxc5 14. Be2 $11) 13... Nh6 ({Better is} 13... Nb3 $11 14. Ra2 Nh6) 14. O-O (14. Bxc5 $1 $14 Bxc5 15. Nc3) 14... Nb3 15. Ra2 Nf5 16. Bd3 {[#]} (16. Rd1 $14) 16... g5 $1 {[%mdl 512]} 17. Nxg5 $11 d4 18. Bxf5 $1 exf5 19. Rd1 Bd7 20. Rad2 ({White should try} 20. h4 $11 dxe3 21. Qxe3) 20... Bxg5 (20... Nxd2 $15 21. Bxd2 Rc8 22. Qxd4 Bxb5) 21. Qxg5 dxe3 22. Qg7 Rf8 $2 (22... Nxd2 $11 {and Black has nothing to worry.} 23. Qxh8+ {[%mdl 64] Double Attack} Ke7 24. Qf6+ Ke8 25. Qh8+ Ke7 26. Qf6+ Ke8 27. Qh8+ Ke7) 23. Rxd7 $18 Qxd7 24. Rxd7 $40 {[%mdl 128] White attacks with force.} e2 {[%cal Re2e1]} 25. Re7+ $1 {[%mdl 64] Decoy} Kxe7 {[%cal Re2e1]} 26. Qg5+ {[%mdl 64] Double Attack} Ke8 {[%cal Re2e1]} 27. Qe3 Nd4 28. f3 $2 ({White must play} 28. f4 $1 $18) 28... Rg8 $14 29. Kf2 {aiming for Nc3.} f4 {[#]} 30. Qe4 $1 {And now Nc3 would win.} ({Weaker is} 30. Qxd4 Rxg2+ 31. Kxg2 (31. Ke1 $2 Rd8 $19) 31... e1=Q $15) 30... Rd8 $2 {[%mdl 8192]} (30... Nc2 $16 31. Qxe2 Ne3) 31. Nc3 $18 {[%mdl 64] Double Attack} e1=Q+ 32. Qxe1 Nc2 33. Qc1 Ne3 34. g3 Rd3 35. Ke2 Rd4 36. gxf4 Nf5 {[#] Threatens to win with ...Rg2+.} 37. Kf2 $2 ({Don't go for} 37. Nxa4 $2 Rg2+ 38. Kf1 Rxh2 $19) (37. Ne4 $1 $18 {[%cal Re4f6]} Rg2+ 38. Nf2) 37... Nh4 $1 $11 {Strongly threatening ...Rg2+.} 38. Ne2 $2 {[%mdl 8192]} (38. Qe3 $11 Nf5 39. Qe1) 38... Rg2+ $19 {[%mdl 64] Double Attack. Black is clearly winning.} 39. Kf1 Rd3 40. Ng1 Rgd2 {What a bad dream for White. Accuracy: White = 54%, Black = 65%.} 0-1

[Event "Panchenko Memorial-A 2020"]
[Site "Chelyabinsk"]
[Date "2020.09.12"]
[Round "6.7"]
[White "Belyakov, Bogdan"]
[Black "Demchenko, Anton"]
[Result "0-1"]
[WhiteElo "2481"]
[BlackElo "2641"]
[Annotator "TA"]
[PlyCount "176"]
[EventDate "2020.09.07"]
[EventType "swiss"]
[EventCountry "RUS"]
[SourceTitle "playchess.com"]
[Source "ChessBase"]
[SourceQuality "1"]

{[%evp 14,176,44,31,32,25,35,33,35,36,95,92,89,22,99,48,60,29,32,27,22,19,29,4,23,13,18,7,42,0,0,0,61,14,14,0,13,0,0,0,0,-44,-18,-26,2,4,38,10,12,0,0,-80,-76,-113,-110,-215,-215,-216,-199,-193,-199,-203,-192,-194,-196,-208,-189,-262,-250,-344,-344,-344,-344,-344,-323,-344,-344,-344,-344,-344,-344,-337,-337,-337,0,-337,-337,-337,-337,-337,-336,-313,-325,-341,-317,-333,-317,-425,-295,-488,-488,-488,-488,-466,-461,-417,-418,-397,-397,-489,-481,-473,-473,-473,-473,-473,-450,-476,-311,-638,-628,-1045,-1007,-987,-993,-521,-520,-997,-964,-887,-793,-12836,0,-454,-275,-429,-491,-472,-425,-470,-447,-604,-599,-733,-739,-12829,-12831,-12841,-12841,-12841,-12842,-12842,-12843,-12843,-12843,-12844,-12844,-12845,-12845,-12845,-12845,-12845,-12845,-12847,-12847]} 1. e4 c6 2. d4 d5 3. Nc3 dxe4 4. Nxe4 Nf6 5. Nxf6+ exf6 6. c3 Bd6 7. Bd3 O-O 8. Qc2 Re8+ {B15: Caro-Kann: 3 Nc3: 3...g6 and 3...dxe4 4 Nxe4 Nf6 5 Nxf6+ exf6.} 9. Ne2 h5 10. O-O Nd7 {White is slightly better.} 11. Ng3 {[#]} Qa5 $146 (11... Bxg3 $14 12. hxg3 (12. fxg3 c5 $14) 12... Nb6) ({Predecessor:} 11... Bxg3 12. hxg3 Nf8 13. Be3 Be6 14. a4 Qd7 15. Rfe1 Ng6 16. Bxg6 fxg6 17. Qxg6 Qf7 18. Qxf7+ Kxf7 {½-½ (87) Stevic,H (2580)-Velten,P (2507) Brest 2019}) 12. b4 $16 Qc7 13. h3 (13. Nxh5 $16 a5 14. Qd1) 13... a5 (13... Bxg3 $11 14. fxg3 Nb6) 14. b5 ({White should play} 14. Nxh5 $16 {Black must now prevent Bh6!} axb4 {[#]} 15. Bh6 $1 {[%mdl 512]} gxh6 16. Bc4 $1 {[%mdl 512]}) 14... c5 15. Nxh5 {Threatens to win with Bh6!} cxd4 $1 16. cxd4 Qxc2 17. Bxc2 Nb6 18. Ng3 Bb4 19. Rd1 Be6 20. Bd2 Ba3 21. Bc1 Bb4 {next ...Bc3 is good for Black.} 22. Bd2 Nd5 (22... Ba3 $11) 23. Ne4 b6 24. Bb3 Red8 25. Rac1 Ba3 26. Rc6 a4 27. Bc2 Bd7 28. Nc3 $1 {[%cal Rc3d5]} Bxc6 29. bxc6 Nc7 30. Bf4 ({But not} 30. Nxa4 Rxd4 31. Be3 (31. Nxb6 Rad8 $15) 31... Rxd1+ 32. Bxd1 b5 $15) 30... Bd6 $1 {[%cal Rd6f4]} 31. Bxd6 Rxd6 32. Bxa4 (32. d5 $11) 32... b5 $1 $36 {[%mdl 2048] Black is in control. Black keeps a firm grip on the game.} 33. Nxb5 Rxc6 34. Nxc7 (34. d5 $17 {was forced.} Nxd5 35. Bb3) 34... Rxa4 {[%mdl 4096] Endgame KRR-KRN} 35. Nd5 {Ne7+ is the strong threat.} Rd6 36. Ne7+ Kf8 37. Nf5 Rd5 38. Ne3 Rdxd4 39. Rb1 {With the idea Rb8+.} g6 40. Rb2 (40. g4 $142) 40... f5 $19 41. g3 f4 42. gxf4 Rxf4 43. Kg2 Ra5 44. Kg3 Rfa4 45. Rb3 Rxa2 46. Rc3 Kg7 47. Rb3 Rg5+ 48. Ng4 Rga5 49. Ne3 R2a3 50. Rb7 Ra7 51. Rb6 R3a6 52. Rb5 Ra4 53. Rb6 Ra1 54. Kg2 Rc7 55. Nf1 Rc2 {Strongly threatening ...Raa2.} 56. Rb3 $2 (56. Ne3 Re2 57. Rb7) 56... Raa2 57. Rf3 Rc6 58. Rd3 Rf6 59. Nd2 Rf5 60. Nf3 Rb5 61. Nh2 Rbb2 62. Rf3 f5 63. Nf1 Kh6 64. Nh2 Rc2 65. Rf4 Kh5 66. Kg3 $2 (66. Rf3) 66... Rc3+ 67. Nf3 {[%csl Gf3,Gg3][%cal Rf4h4]} Kh6 68. Kg2 Re2 69. Rh4+ Kg7 70. Ng5 (70. Nd4 $142 Rb2 71. Rf4) 70... Kf6 71. Nh7+ Ke5 72. Nf8 Kf6 (72... Rcc2 $142 73. Nxg6+ Kf6) 73. Nh7+ $1 Ke7 74. Ng5 (74. Rb4 $142) 74... Rcc2 {Black is clearly winning.} 75. Rf4 Kf6 76. h4 Kg7 77. Rf3 Rc4 78. Rh3 Kh6 79. Rh1 Rf4 80. Nf3 Rg4+ 81. Kf1 Ra2 82. Rh3 Kh5 83. Rh2 Ra1+ 84. Ke2 Re4+ 85. Kd2 Ra2+ 86. Kd1 Rb4 {[%cal Rb4b1]} 87. Kc1 Rf4 88. Nd2 Rxh4 {Accuracy: White = 53%, Black = 84%.} 0-1